Antologia de peças teatrais (Record no. 58196)

MARC details
000 -LÍDER
campo de controle de tamanho fixo 00354 a2200157 4500
001 - NÚMERO DE CONTROLE
campo de controle 58196
020 ## - ISBN - INTERNATIONAL STANDARD BOOK NUMBER
ISBN - International Standard Book Number 851604758X
040 ## - FONTE DA CATALOGAÇÃO
Instituição que transcreveu o registro Anchieta - Pituba
100 ## - ENTRADA PRINCIPAL--NOME PESSOAL
Nome pessoal Belinky, Tatiana
240 10 - TÍTULO UNIFORME
Título uniforme Antologia de peças teatrais
Idioma da obra por
245 10 - TÍTULO
Título Antologia de peças teatrais
300 ## - DESCRIÇÃO FÍSICA
Extensão 79
362 0# - DATAS DE PUBLICAÇÃO E/OU DESIGNAÇÃO SEQUENCIAL
Datas de publicação e/ou designação sequencial 2005
650 #4 - ASSUNTO--TERMO TÓPICO
Cabeçalho tópico ou nome geográfico Drama brasileiro
942 ## - ELEMENTOS DE ENTRADA ADICIONADOS (KOHA)
Tipo de material Koha Livros
Holdings
Situação do descarte Situação das perdas Situação física Não pode ser emprestado Biblioteca de origem Biblioteca atual Data de aquisição Total de empréstimos Número de chamada completo Código de barras Data de último acesso Data do preço efetivo Tipo de material Koha
        Colégio Anchieta - Pituba Colégio Anchieta - Pituba 21/11/2023   869.92 A634a ANT 8560/PIT 21/11/2023 21/11/2023 Livros